Statystyki dla 10 najbardziej użytkowanych języków w Indiach

Kliknij tutaj aby rozwiązać quiz!

Ogólne statystyki

  • Ten quiz został rozwiązany 11 razy
  • Średni wynik to 4 z 10

Statystyki odpowiedzi

#Liczba użytkownikówJęzyk% Poprawnych
1422 mlnhindi
100%
283 mlnbengalski
80%
560 mlntamilski
40%
651 mlnurdu
40%
472 mlnmarathi
30%
374 mlntelugu
30%
746 mlngudżarati
20%
838 mlnkannada
10%
1033 mlnorija
10%
933 mlnmalajalam
0%

Rozkład punktacji

Percentyl według liczby udzielonych odpowiedzi

Procent ludzi z każdym wynikiem

Twoja historia wyników

Nie rozwiązałeś tego quizu